| 000 | 00526cam a22002171 4500 | ||
|---|---|---|---|
| 001 | ne 64000379 | ||
| 003 | DLC | ||
| 005 | 20260227111755.0 | ||
| 008 | 890406s1958 xx 000 0 ara | ||
| 010 | _ane 64000379 | ||
| 035 | _a(OCoLC)23523432 | ||
| 040 |
_aDLC _cMiU _dDLC |
||
| 042 | _apremarc | ||
| 050 | 0 | 0 |
_aLB1033 _b.M2 |
| 100 | 1 | _aMandūr, Muḥammad. | |
| 245 | 1 | 3 | _aal-Thaqāfah wa-ajhizatuhā. |
| 260 | _c[1958] | ||
| 300 |
_a91 p. _c22 cm. |
||
| 500 | _aRomanized. | ||
| 650 | 0 |
_aTeaching _xAids and devices |
|
| 999 |
_c46697 _d46697 |
||